000 00511nam a2200217Ia 4500
003 OSt
005 20220924133406.0
006 a|||||r|||| 00| 0
007 ta
008 220923b |||||||| |||| 00| 0 snd d
024 _a265088
037 _cTextual
040 _aARTS
_cARTS
_bsnd
041 _2snd
_asnd
082 _aP1593:4:5, J6
100 _aSewani
_9206309
245 0 _aAftab adab
260 _c1956
942 _hP1593:4:5, J6
_cTEXL
_2CC
999 _c433630
_d433630